Normal view
MARC view
- Luna Torres, Lilia Ma.
Entry Nombre Personal
001 - NUMERO DE CONTROL
- campo de control: 54208
003 - IDENTIFICADOR DE NUMERO DE CONTROL
- campo de control: MX-MxUPN
005 - FECHA Y HORA DE LA ÜLTIMA TRANSACCIÓN
- campo de control: 20241021120456.0
008 - DATOS DE LONGITUD FIJA
- campo de control de longitud fija: 241021|| aca||aabn | aaa d
040 ## - FUENTE DE CATALOGACIÓN
- Agencia original de catalogación: MX-MxUPN
- Lenguaje de catalogación: spa
- Agencia de transcripción: MX-MxUPN
100 1# - ENCABEZAMIENTO - NOMBRE PERSONAL
- Nombre personal: Luna Torres, Lilia Ma.
670 ## - FUENTE EN LA QUE SE LOCALIZARON DATOS
- Cita de la fuente: La orientación educativa mexicana y los nuevos comportamientos profesionales para el siglo XXI, 1996
- Información localizada: portada (Lilia Ma. Luna Torres, coordinación)
902 ## - CATALOGADOR
- Catalogador: Víctor Ruiz/211024
